Rettet die Kinder jetzt: zum Spannungsverhältnis: Elternrecht - Kindeswohl - staatliches Wächteramt; ein Tagungsreader
| Contributors: | ; |
|---|---|
| Format: | Print Book |
| Language: | German |
| Published: |
Frankfurt am Main
ISS-Eigenverl.
1993
|
| In: |
ISS-Pontifex (1993,4)
Year: 1993 |
| Edition: | Orig.-Ausg. |
| Online Access: |
Table of Contents (kostenfrei) |
| Availability in Tübingen: | Present in Tübingen. IFK: G III 35 |
| Check availability: | HBZ Gateway |
| Subito Delivery Service: | Order now. |
| Keywords: |
MARC
| LEADER | 00000cam a2200000 c 4500 | ||
|---|---|---|---|
| 001 | 1623366747 | ||
| 003 | DE-627 | ||
| 005 | 20220615135104.0 | ||
| 007 | tu | ||
| 008 | 940711s1993 xx ||||| 00| ||ger c | ||
| 015 | |a 94,B08,0167 |2 dnb | ||
| 016 | 7 | |a 940223422 |2 DE-101 | |
| 020 | |a 3884931032 |9 3-88493-103-2 | ||
| 035 | |a (DE-627)1623366747 | ||
| 035 | |a (DE-576)03994221X | ||
| 035 | |a (DE-599)DNB940223422 | ||
| 035 | |a (OCoLC)260151688 | ||
| 040 | |a DE-627 |b ger |c DE-627 |e rakwb | ||
| 041 | |a ger | ||
| 084 | |a PD 7860 |2 rvk |0 (DE-625)rvk/135385: | ||
| 084 | |a 86.22 |2 bkl | ||
| 245 | 0 | 0 | |a Rettet die Kinder jetzt |b zum Spannungsverhältnis: Elternrecht - Kindeswohl - staatliches Wächteramt; ein Tagungsreader |c ISS, Gemeinnütziger e.V. Roland Proksch (Hrsg.). Mit Beitr. von Mathias Mann ... |
| 250 | |a Orig.-Ausg. | ||
| 264 | 1 | |a Frankfurt am Main |b ISS-Eigenverl. |c 1993 | |
| 300 | |a 270 S. |b graph. Darst. | ||
| 336 | |a Text |b txt |2 rdacontent | ||
| 337 | |a ohne Hilfsmittel zu benutzen |b n |2 rdamedia | ||
| 338 | |a Band |b nc |2 rdacarrier | ||
| 490 | 1 | |a ISS-Pontifex |v 1993,4 | |
| 500 | |a Literaturangaben | ||
| 583 | 1 | |a Archivierung prüfen |c 20200919 |f DE-640 |z 2 |2 pdager | |
| 655 | 7 | |a Konferenzschrift |y 1993 |z Frankfurt, Main |0 (DE-588)1071861417 |0 (DE-627)826484824 |0 (DE-576)433375485 |2 gnd-content | |
| 689 | 0 | 0 | |d g |0 (DE-588)4011882-4 |0 (DE-627)104704861 |0 (DE-576)208896155 |a Deutschland |2 gnd |
| 689 | 0 | 1 | |d s |0 (DE-588)4030653-7 |0 (DE-627)106269151 |0 (DE-576)208988505 |a Kindeswohl |2 gnd |
| 689 | 0 | |5 (DE-627) | |
| 689 | 1 | 0 | |d s |0 (DE-588)4048835-4 |0 (DE-627)106189387 |0 (DE-576)209079444 |a Rechtsschutz |2 gnd |
| 689 | 1 | 1 | |d s |0 (DE-588)4030550-8 |0 (DE-627)104360100 |0 (DE-576)208988165 |a Kind |2 gnd |
| 689 | 1 | 2 | |d s |0 (DE-588)4070784-2 |0 (DE-627)104774657 |0 (DE-576)209181990 |a Elterliche Sorge |2 gnd |
| 689 | 1 | |5 (DE-627) | |
| 700 | 1 | |a Proksch, Roland |e Hrsg. |0 (DE-588)172314437 |0 (DE-627)69722242X |0 (DE-576)162621973 |4 edt | |
| 700 | 1 | |a Mann, Mathias |4 oth | |
| 810 | 2 | |a Institut für Sozialarbeit und Sozialpädagogik |t ISS-Pontifex |v 1993,4 |9 1993,4 |w (DE-627)214061531 |w (DE-576)034235299 |w (DE-600)1330748-4 |7 am | |
| 856 | 4 | 2 | |u http://www.gbv.de/dms/spk/sbb/recht/toc/147899540.pdf |x Verlag |z kostenfrei |3 Inhaltsverzeichnis |7 0 |
| 936 | r | v | |a PD 7860 |b Elterliche Sorge, Erziehungsrecht, Religiöse Kindererziehung, Umgangsrecht, Pflegekindschaft |k Rechtswissenschaft |k Bürgerliches Recht, Privatrecht allgemein |k Familienrecht |k Kindschaftsrecht |k Elterliche Sorge, Erziehungsrecht, Religiöse Kindererziehung, Umgangsrecht, Pflegekindschaft |0 (DE-627)1271194880 |0 (DE-625)rvk/135385: |0 (DE-576)201194880 |
| 936 | b | k | |a 86.22 |j Familienrecht |q coli-conc RVK->BK |q https://coli-conc.gbv.de/api/mappings/43475976-dfe4-45ac-baba-38749f42cb5e |0 (DE-627)106413406 |
| 951 | |a BO | ||
| ELC | |b 1 | ||
| LOK | |0 000 xxxxxcx a22 zn 4500 | ||
| LOK | |0 001 3250544116 | ||
| LOK | |0 003 DE-627 | ||
| LOK | |0 004 1623366747 | ||
| LOK | |0 005 20020607000000 | ||
| LOK | |0 008 980218||||||||||||||||ger||||||| | ||
| LOK | |0 040 |a DE-21-110 |c DE-627 |d DE-21-110 | ||
| LOK | |0 852 |a DE-21-110 | ||
| LOK | |0 852 1 |c G III 35 |m p |9 00 | ||
| LOK | |0 935 |a k110 | ||
| LOK | |0 936ln |a 4.2.4 | ||
| LOK | |0 938 |k p | ||
| LOK | |0 939 |a 18-02-98 |b l01 | ||
| ORI | |a SA-MARC-krimdoka001.raw | ||
| SIG | |a IFK: G III 35 | ||
| TIM | |a 100019901003_100020261231 |b 1990-10-03 - 2026 | ||
